Tuners de GTA 5 - Statistiques

Statistiques générales
  • Ce quiz a été pris 6 fois
    2 depuis la dernière actualisation
  • Le résultat moyen est 18 sur 22
Statistiques - réponses
Marque Modèle % Correct
Pfister Comet S2
100%
Übermacht Cypher
100%
Vapid Dominator ASP
100%
Vapid Dominator GTT
100%
Annis Euros
100%
Pfister Growler
100%
Annis Hardy
100%
Dinka Jester RR
100%
Grotti LSCM Cheetah classique
100%
Dinka LSCM Jester RR
100%
Annis Remus
100%
Karin Sultan RS classique
100%
Obey Tailgater S
100%
Emperor Vectre
100%
Vulcar Warrener HKR
100%
Dinka Kanjo SJ
50%
Dinka Postlude
50%
Karin Previon
50%
Dinka RT3000
50%
Annis ZR350
50%
Karin Calico GTF
0%
Karin Futo GTX
0%
Aucun quiz correspondant
Distribution des résultats
% des personnes avec chaque résultat
Percentile par nombre de réponses
Votre historique - résultats
Vous n’avez pas pris ce quiz depuis la dernière actualisation